000
00247nam a22001217a 4500
008
180925b xxu||||| |||| 00| 0 eng d
041
_a
eng
080
_a
330
100
_a
61
101
_a
KON
245
_a
Accounting
_c
Swanson
942
_2
udc
_c
BK
999
_c
48434
_d
48434